Most Capped Footballers at the FIFA World Cup 2022 A-Z - Statistics

General Stats
  • This quiz has been taken 248 times
  • The average score is 12 of 25
Answer Stats
Letter Caps Country Answer % Correct
M 165 Argentina Lionel Messi
94%
R 191 Portugal Cristiano Ronaldo
92%
S 134 Uruguay Luis Suárez
84%
X 107 Switzerland Granit Xhaka
79%
E 117 Denmark Christian Eriksen
77%
C 133 Uruguay Edinson Cavani
77%
L 139 France Hugo Lloris
74%
P 129 Portugal Pepe
69%
V 142 Belgium Jan Vertonghen
64%
D 124 Argentina Ángel Di María
63%
W 127 Belgium Axel Witsel
60%
Z 74 Poland Piotr Zieliński
59%
O 131 Mexico Guillermo Ochoa
55%
K 121 Denmark Simon Kjær
50%
J 95 Mexico Raúl Jiménez
46%
T 91 Serbia Dušan Tadić
43%
G 178 Mexico Andrés Guardado
39%
Y 122 Japan Maya Yoshida
32%
N 138 Japan Yuto Nagatomo
23%
I 49 Australia Jackson Irvine
20%
B 155 Costa Rica Celso Borges
12%
A 169 Qatar Hassan Al-Haydos
12%
U 11 Japan Ayase Ueda
9%
H 130 Qatar Abdelkarim Hassan
8%
F 52 Cameroon Collins Fai
6%
No matching quizzes found
Score Distribution
Percent of People with Each Score
Percentile by Number Answered
Your Score History
You have not taken this quiz